LEADER 01366nam a2200301 u 4500 001 000000110487 003 CaOOAMICUS 005 20080310121437.0 008 080310s1996 it u000 u ita u 020 $a88-211-6276-1 040 $aPUL$bita$dMCT 041 1 $aita$hrus 100 1 $aSolov'ëv, Vladimir Sergeevic,$d1853-1900.$0(OLS)http://pul/name/21077 240 10$aTri rasgovora, o voinié, progressie i kontsié vsiemirnoi istorii so vkliuceniem kratkoi poviesti ob antichristie i s prilozeniiami.$lItaliano.$0(OLS)http://pul/title/83792 245 12$aI tre dialoghi e il racconto dell'Anticristo /$cVladimir Soloviev. 246 30$aRacconto dell'Anticristo 260 $aGenova :$bMarietti,$c1996. 300 $aLXXIX, 281 p. ;$c17 cm. 490 1 $aI Rombi 650 4$aAnticristo.$0(OLS)http://pul/subject/8093 830 2$aI Rombi.$0(OLS)http://pul/title/3958 850 $aPUL 852 $aPUL$W1$xDP1 Cons. Gen., Altre Classi 1$y22$m741 D 44$j126568$qStampati$B125293$CPULBib$Z2$F125293 $H76018 $82 941 1 $a8 996 $6020$a88-211-6276-1$9(OLS)http://pul/number/137481 996 $6245$aI tre dialoghi e il racconto dell'Anticristo$9(OLS)http://pul/title/138936 996 $6246$aRacconto dell'Anticristo$9(OLS)http://pul/title/138938 996 $6260$aGenova :$bMarietti$9(OLS)http://pul/publisher/48994 LEADER 01338nam a2200277 a 4500 001 000000143458 003 CaOOAMICUS 005 20150520150049.0 008 150520s2013 it u000 u ita r 040 $aPUL$bita 082 04$a262.082 100 1 $aDonegana, Costanzo.$0(OLS)http://pul/name/92197 245 10$aMons. Giuseppe Marinoni :$bprimo direttore e "cofondatore" dell'Istituto per le Missioni Estere di Milano (1850-1891) /$cCostanzo Donegana. 260 $aRoma :$bUfficio storico del PIME,$c2013. 300 $a184 p. ;$c24 cm 490 1 $aStudi e documenti dagli archivi P.I.M.E. ;$v08 504 $aInclude riferimenti bibliografici ed indice. 600 14$aMarinoni, Giuseppe,$cC. R. S.$0(OLS)http://pul/subject/26808 830 0$aStudi e documenti dagli archivi P.I.M.E. ;$v08.$0(OLS)http://pul/title/134394 850 $aPUL 852 $aPUL$W1$xDP2 Religione 3$y114$m262. 082 MARGI 1$j165597$qDDC 21$B165861$CPULBib$Z2$F165861 $H125864 $82 941 1 $a9 996 $6082$a262.082$9(OLS)http://pul/classification/2641 996 $6245$aMons. Giuseppe Marinoni :$bprimo direttore e "cofondatore" dell'Istituto per le Missioni Estere di Milano (1850-1891)$9(OLS)http://pul/title/181523 996 $6260$aRoma :$bUfficio storico del PIME$9(OLS)http://pul/publisher/81313